Primero lee
Gespeichert in:
| 1. Verfasser: | |
|---|---|
| Weitere Verfasser: | |
| Format: | Buch |
| Sprache: | Spanisch |
| Erschienen: |
s l
Crecer con todos
2021
|
| Katalog: | MANES: Suchergebnis im Bibliothekskatalog |
| Schulbuchspezifische Eigenschaften: |
|
| Tags: |
Tag hinzufügen
Keine Tags, Fügen Sie den ersten Tag hinzu!
|
| Hinzugefügt zu: | 23.11.2025 |
| Geändert in: | 24.11.2025 |
MARC
| LEADER | 00000nam a2200000 4500 | ||
|---|---|---|---|
| 005 | 20251124213525.0 | ||
| 008 | 251124b |||||||| |||| 00| 0 spa d | ||
| 040 | |a centro_ manes |c MGM | ||
| 100 | |a Karla Cereceda |b Autor |9 43682 | ||
| 245 | |a Primero lee | ||
| 260 | |a s l |b Crecer con todos |c 2021 | ||
| 300 | |a 276 p. |c 21 x 28 cm. | ||
| 546 | |a Chile | ||
| 561 | |a Chile. Museo de la Educación Gabriela Mistral |3 T. Lect/escr 0430 |5 cl-MGM |k MANES | ||
| 690 | 0 | |a EyL | |
| 691 | 0 | |a PRI | |
| 700 | |a y otros |9 41558 | ||
| 942 | |2 ddc |c BK | ||
| 999 | |c 105083 |d 105083 | ||
| 999 | |c manes:105083 |d 105083 | ||